000 02676cam a2200301 4500500
005 20260111150102.0
041 _afre
042 _adc
100 1 0 _aBaker, Sarah
_eauthor
245 0 0 _aMusique pop et séduction
260 _c2010.
500 _a8
520 _aRésuméDe petites Australiennes s’amusent en écoutant de la musique pop dans un centre d’accueil périscolaire. Or, au travers de cette pratique, appréhendée comme un « jeu sérieux », elles tentent de transformer et de s’approprier cet espace institutionnel, et d’en contester les rapports de pouvoir, tant sur le plan musical que sur le plan sexuel. L’auteure présente quelques-uns de leurs jeux avant de conclure que leur implication dans cette activité périscolaire est la manifestation, sur fond de rapports de pouvoir fluctuants, d’une opposition à une croyance occidentale : l’absence de sexualité chez l’enfant.
520 _aThis article explores the musical practices of pre-teen girls in an Australian after school care centre. The girls’ practices constituted “serious play” as they attempted to transform and reconfigure the space and challenge the power relations of the institutional setting both musically and sexually. After providing a snapshot of the girls’ play, the article concludes that their musical engagement in after school care was related to constantly shifting fields of power and a struggle over western cultural beliefs regarding asexual childhood.
520 _aZusammenfassungJunge Australierinnen amüsieren sich gerne indem sie in außerschulischen Freizeitzentren Popmusik hören. Diese Aktivität, die als „ernstes Spiel“ wahrgenommen wird, dient den Mädchen als Mittel der Bestimmung sowohl des freizeitlichen Raumes als auch der Affirmation der eigenen musikalischen sowie geschlechtlichen Wahrnehmung. Der Autor dieses Beitrags beschäftigt sich mit einigen musikalischen Spielen, zeigt ihren Einfluss und ihre Bedeutung für die außerschulischen Aktivitäten auf und schlussfolgert daraus, dass es eine Opposition gegen die bislang vorherrschende westliche Sichtweise des Nichtvorhandenseins von Sexualität bei Jugendlichen gibt.
690 _aAustralie
690 _ajeu sérieux
690 _amusique populaire
690 _apréadolescentes
690 _asexualité
690 _aAustralia
690 _apopular music
690 _apre-teens girls
690 _aserious play
690 _asexuality
786 0 _nEthnologie française | 40 | 1 | 2010-01-18 | p. 31-38 | 0046-2616
856 4 1 _uhttps://shs.cairn.info/revue-ethnologie-francaise-2010-1-page-31?lang=fr&redirect-ssocas=7080
999 _c1636949
_d1636949